000 01054nam a2200325 a 4500
003 CO-BoRNBP
005 20230518152750.0
007 ta
008 080618s2005 ck gr 0001fdspa d
020 _a9588160928
040 _aCO-BoRNBP
_bspa
_erda
_cCO-BoRNBP
043 _ack
084 _aN PAZA1
100 1 0 _aPaz Otero, Víctor
_d1945-
_91366
245 1 3 _aLa agonía erótica de Bolivar, el amor y la muerte ; Editores Benjamín Villegas
_cVíctor Paz Otero.
250 _a.
264 3 _aBogotá
_bVillegas Editores
_c2005
300 _a143 páginas
_c23 cm.
336 _atexto
_btxt
_2rdacontent
337 _asin mediación
_bn
_2rdamedia
338 _avolumen
_bnc
_2rdacarrier
490 _aVillegas. Epistolario poética
500 _aDonación Villegas Editores
600 1 4 _aSaenz, Manuela
_d1796-1859
_vNovela
_92108
600 1 4 _aBolívar, Simón
_d1783-1830
_vNovela
_92109
650 1 4 _aNovela colombiana
_2LEMB
_91193
650 1 4 _aNovela amorosa
_2LEMB
_92079
700 1 0 _aVillegas, Benjamín
_d1948-
_eeditor
_9597
942 _cBK
999 _c9568
_d9568